Spôsoby financovania startupu bakalárska práca

Salvato in:
Dettagli Bibliografici
Autore principale: Bednárová, Liliana
Ente Autore: Fakulta podnikového manažmentu EU. Katedra manažmentu
Altri autori: Bednár, Richard, 1985-
Natura: Libro
Lingua:slovacco
Pubblicazione: Bratislava 2017
Tags: Aggiungi Tag
Nessun Tag, puoi essere il primo ad aggiungerne!!

MARC

LEADER 00000nbm a2200000 4500
001 0232444
005 20171215123909.1
041 0 |a slo 
044 |a SK 
245 1 0 |a Spôsoby financovania startupu  |b bakalárska práca  |c Liliana Bednárová ; školiteľ: Richard Bednár 
264 1 |a Bratislava  |c 2017 
300 |a 53 s. 
100 1 |a Bednárová, Liliana 
700 1 |a Bednár, Richard, 1985- 
710 2 |a Fakulta podnikového manažmentu EU. Katedra manažmentu